[Event "GER-ch Net blitz qual3"]
[Site "Playchess.com INT"]
[Date "2020.03.21"]
[Round "5"]
[White "Altenburg, Nils"]
[Black "Moewald, Herbert"]
[Result "1-0"]
[WhiteElo "1471"]
[BlackElo "1596"]
[PlyCount "108"]
[EventDate "2020.03.21"]
[EventType "swiss (blitz)"]
[EventRounds "9"]
[EventCountry "GER"]
[SourceTitle "CBM 195 Extra"]
[Source "ChessBase"]
[SourceDate "2020.05.31"]
[SourceVersion "1"]
[SourceVersionDate "2020.05.31"]
[SourceQuality "1"]

1. d4 d5 2. Nf3 c5 3. c3 Nc6 4. Bf4 Nf6 5. e3 Bg4 6. Nbd2 e6 7. Rc1 Bd6 8. Bg3 h5 9. Bd3 h4 10. Bxd6 Qxd6 11. h3 Bh5 12. dxc5 Qxc5 13. 0-0 Ne5 14. Be2 Nxf3+ 15. Bxf3 Bxf3 16. Nxf3 Rc8 17. Qa4+ Qc6 18. Qxa7 Ne4 19. Qd4 f6 20. Nd2 Ng5 21. Qf4 Rh6 22. Nf3 Ne4 23. Qg4 Kf7 24. Qf4 g5 25. Ne5+ Kg7 26. Qxe4 fxe5 27. Qxe5+ Kg6 28. f4 gxf4 29. Rxf4 Qe8 30. Qf6+ Kh7 31. Rxh4 Rxh4 32. Qxh4+ Kg6 33. Qg4+ Kf6 34. Rf1+ Ke7 35. Qg7+ Kd6 36. Qxb7 Rc7 37. Qb4+ Kd7 38. Qb5+ Ke7 39. Qxe8+ Kxe8 40. Rf6 Ke7 41. Rh6 Ra7 42. Rh7+ Kd6 43. Rxa7 Kc5 44. Rb7 Kc4 45. Rb4+ Kd3 46. Kf2 Kc2 47. a4 Kd3 48. a5 e5 49. a6 d4 50. exd4 exd4 51. Rxd4+ Kc2 52. Rb4 Kd3 53. a7 Kc2 54. a8Q Kd3 1-0

[Event "GER-ch Net blitz qual3"]
[Site "Playchess.com INT"]
[Date "2020.03.21"]
[Round "7"]
[White "Moewald, Herbert"]
[Black "Marcziter, Alex"]
[Result "1-0"]
[WhiteElo "1596"]
[BlackElo "1401"]
[PlyCount "29"]
[EventDate "2020.03.21"]
[EventType "swiss (blitz)"]
[EventRounds "9"]
[EventCountry "GER"]
[SourceTitle "CBM 195 Extra"]
[Source "ChessBase"]
[SourceDate "2020.05.31"]
[SourceVersion "1"]
[SourceVersionDate "2020.05.31"]
[SourceQuality "1"]

1. e4 e5 2. Nf3 Nc6 3. Bc4 Nf6 4. d3 Bc5 5. 0-0 d6 6. c3 0-0 7. b4 Bb6 8. a4 a6 9. Bb2 Be6 10. Nbd2 Qd7 11. Bxe6 fxe6 12. Qb3 h6 13. b5 axb5 14. axb5 Nd8 15. Rxa8 1-0

[Event "GER-ch Net blitz qual3"]
[Site "Playchess.com INT"]
[Date "2020.03.21"]
[Round "3"]
[White "Muse, Drazen"]
[Black "Moewald, Herbert"]
[Result "1-0"]
[WhiteElo "2339"]
[BlackElo "1596"]
[PlyCount "137"]
[EventDate "2020.03.21"]
[EventType "swiss (blitz)"]
[EventRounds "9"]
[EventCountry "GER"]
[SourceTitle "CBM 195 Extra"]
[Source "ChessBase"]
[SourceDate "2020.05.31"]
[SourceVersion "1"]
[SourceVersionDate "2020.05.31"]
[SourceQuality "1"]

1. d4 d5 2. Bf4 c5 3. e3 Nc6 4. c3 Nf6 5. Nd2 Bf5 6. Qb3 Qb6 7. dxc5 Qxb3 8. axb3 e5 9. Bg3 Bxc5 10. b4 Bd6 11. Ngf3 a6 12. b5 Nb8 13. Nxe5 0-0 14. Be2 Bxe5 15. Bxe5 Nbd7 16. Bxf6 Nxf6 17. 0-0 axb5 18. Bxb5 Ne4 19. Nf3 Nd6 20. Nd4 Bg6 21. Be2 Rab8 22. Ra5 b6 23. Rxd5 Ne4 24. Nc6 Rbe8 25. Bb5 Re6 26. Nd4 Rf6 27. f3 Ng5 28. e4 Ne6 29. Nxe6 fxe6 30. Rd6 e5 31. Rfd1 h5 32. Rxf6 Rxf6 33. Rd5 h4 34. h3 Bf7 35. Rxe5 Rd6 36. Be8 Rd1+ 37. Kh2 Rd2 38. Bxf7+ Kxf7 39. Rb5 Rd6 40. c4 Ke6 41. b4 g6 42. c5 bxc5 43. Rxc5 Rd2 44. Rg5 Kf6 45. Rg4 g5 46. f4 gxf4 47. Rxf4+ Ke5 48. Rxh4 Rb2 49. b5 Rb4 50. Rg4 Ke6 51. b6 Ke5 52. h4 Rxb6 53. Kh3 Rb3+ 54. g3 Rb1 55. Rf4 Rh1+ 56. Kg4 Ra1 57. h5 Ra8 58. Kh4 Rg8 59. Rf7 Kxe4 60. g4 Ke5 61. g5 Ke6 62. g6 Rc8 63. Kg5 Rc5+ 64. Kh6 Rc3 65. Kg7 Rh3 66. h6 Rh4 67. h7 Rh5 68. h8Q Rxh8 69. Kxh8 1-0